Music Quiz

Random Music or Lyrics Quiz

UK Number One Lyric Match 87-88 Quiz Stats

 Plays Quiz not verified by Sporcle

Score 0/38 Timer 10:00
0 Plays Today
% Correct
Let It Be [Ferry Aid]
93.3%
With a Little Help from My Friends[Wet Wet Wet ]
91%
Stand by Me [Ben E. King]
85.4%
I Think We're Alone Now [Tiffany]
85.4%
A Groovy Kind of Love [Phil Collins]
84.3%
Never Gonna Give You Up [Rick Astley]
83.1%
Always on My Mind [Pet Shop Boys]
83.1%
La Isla Bonita [Madonna]
80.9%
I Wanna Dance with Somebody (Who Loves Me) [Whitney Houston]
80.9%
I Knew You Were Waiting (For Me) [Aretha Franklin and George Michael]
78.7%
La Bamba [Los Lobos]
78.7%
Mistletoe and Wine [Cliff Richard]
78.7%
Star Trekkin' [The Firm]
77.5%
He Ain't Heavy, He's My Brother [The Hollies]
75.3%
Orinoco Flow [Enya]
75.3%
Nothing's Gonna Stop Us Now [Starship]
74.2%
I Should Be So Lucky [Kylie Minogue]
70.8%
Everything I Own [Boy George]
68.5%
Pump Up the Volume [MARRS]
65.2%
% Correct
China in Your Hand [T'Pau]
65.2%
Doctorin' the Tardis [The Timelords]
65.2%
It's a Sin [Pet Shop Boys]
62.9%
Perfect [Fairground Attraction]
62.9%
Don't Turn Around [Aswad]
58.4%
Theme from S-Express [S-Express]
58.4%
Desire [U2]
58.4%
One Moment in Time [Whitney Houston]
58.4%
Heaven Is a Place on Earth [Belinda Carlisle]
57.3%
The Only Way Is Up [Yazz and the Plastic Population]
57.3%
Nothing's Gonna Change My Love for You [Glenn Medeiros]
52.8%
Respectable [Mel and Kim]
49.4%
Who's That Girl [Madonna]
49.4%
Heart [Pet Shop Boys]
48.3%
I Owe You Nothing [Bros]
48.3%
First Time [Robin Beck]
47.2%
I Just Can't Stop Loving You [Michael Jackson and Siedah Garrett]
46.1%
You Win Again [Bee Gees]
40.4%
Jack Your Body [Steve 'Silk' Hurley]
37.1%

You're not logged in!

Compare scores with friends on all Sporcle quizzes.
OR
Log In

Show Comments

Extras

Top Quizzes Today


Score Distribution

Your Account Isn't Verified!

In order to create a playlist on Sporcle, you need to verify the email address you used during registration. Go to your Sporcle Settings to finish the process.

Report this User

Report this user for behavior that violates our Community Guidelines.

Details: